Kemahiran Hidup : Bantuan studi lengkap

Bibliographic Details
Main Author: Azman Azif Mohamad
Format: Book
Published: Petaling Jaya : Sasbadi Sdn. Bhd. , 1996
Subjects:

MARC

LEADER 00000cam a2200000 7i4500
001 0000007288
002 000007839
005 20000330.0
020 |a 9830294412 
090 0 0 |a 372   |b AZM 
100 0 |a Azman Azif Mohamad 
245 1 0 |a Kemahiran Hidup :   |b Bantuan studi lengkap   |c Azman Azif Mohamad 
260 |a Petaling Jaya :   |b Sasbadi Sdn. Bhd. ,   |c 1996 
300 |a 208p. ;   |c 26cm. 
650 0 0 |a Kemahiran hidup.   |x KBSR 
999 |a 055154   |b BUKU   |c PINJAMAN   |e PERPUSTAKAAN KOMUNITI CAW KOTA DAMANSARA